2023/24 Premier League Debutants - Statistics

General Stats
  • This quiz has been taken 111 times
    32 since last reset
  • The average score is 63 of 163
Answer Stats
% Correct
Arsenal Netherlands CB 22 Jurrien Timber 2
100%
Aston Villa France RW 24 Moussa Diaby 38 6
87%
Aston Villa Spain CB 26 Pau Torres 29 2
87%
Manchester United Cameroon GK 27 Andre Onana 38
70%
Chelsea France CB 25 Axel Disasi 31 2
70%
Chelsea France AM 26 Christopher Nkunku 11 3
70%
Manchester City Croatia LB 21 Josko Gvardiol 28 4
70%
Bournemouth Netherlands LW 24 Justin Kluivert 32 7
70%
Bournemouth Hungary LB 19 Milos Kerkez 28
70%
Chelsea Senegal ST 22 Nicolas Jackson 35 14
70%
Manchester United Denmark ST 20 Rasmus Hojlund 30 10
70%
Newcastle United Italy DM 23 Sandro Tonali 8 1
70%
Brighton & Hove Albion Netherlands GK 21 Bart Verbruggen 21
65%
Everton Portugal ST 25 Beto 30 3
65%
Liverpool Hungary CM 22 Dominik Szoboszlai 33 3
65%
Bournemouth Turkey ST 26 Enes Unal 16 2
65%
Tottenham Hotspur Italy GK 26 Guglielmo Vicario 38
65%
Chelsea Netherlands LB 21 Ian Maatsen 12
65%
Burnley England GK 20 James Trafford 28
65%
Manchester City Belgium LW 21 Jeremy Doku 29 3
65%
Chelsea France RB 20 Malo Gusto 27
65%
Brentford Netherlands GK 30 Mark Flekken 37
65%
Aston Villa Italy AM 24 Nicolo Zaniolo 25 2
65%
Manchester City Norway RW 20 Oscar Bobb 14 1
65%
Tottenham Hotspur Romania CB 21 Radu Dragusin 9
65%
Liverpool Netherlands CM 21 Ryan Gravenberch 26 1
65%
Manchester United Morocco DM 27 Sofyan Amrabat 21
65%
Liverpool Japan DM 30 Wataru Endo 29 1
65%
Brighton & Hove Albion Spain LW 20 Ansu Fati 19 2
61%
Burnley Kosovo GK 25 Arijanet Muric 10
61%
Brighton & Hove Albion Cameroon DM 19 Carlos Baleba 27
61%
Tottenham Hotspur Italy LB 20 Destiny Udogie 28 2
61%
Chelsea Serbia GK 24 Djordje Petrovic 23
61%
West Ham United Mexico DM 25 Edson Alvarez 31 1
61%
Tottenham Hotspur Netherlands CB 22 Micky van de Ven 27 3
61%
West Ham United Ghana AM 23 Mohammed Kudus 33 8
61%
Luton Town Belgium GK 30 Thomas Kaminski 38
61%
Burnley England AM 20 Aaron Ramsey 14
57%
Liverpool Northern Ireland RB 20 Conor Bradley 11 1
57%
Nottingham Forest Argentina RB 26 Gonzalo Montiel 14
57%
Nottingham Forest Ivory Coast DM 25 Ibrahim Sangare 17
57%
Nottingham Forest United States GK 29 Matt Turner 17
57%
Aston Villa England LW 21 Morgan Rogers 11 3
57%
Crystal Palace England DM 19 Adam Wharton 16
52%
Fulham Nigeria CB 23 Calvin Bassey 29 1
52%
Luton Town England ST 27 Carlton Morris 38 11
52%
Chelsea Italy CM 21 Cesare Casadei 11
52%
Crystal Palace Colombia RB 27 Daniel Munoz 16
52%
Brighton & Hove Albion Brazil CB 25 Igor Julio 24
52%
Bournemouth Romania GK 26 Ionut Radu 2
52%
Liverpool England CB 20 Jarell Quansah 17 2
52%
Nottingham Forest Belgium GK 31 Matz Sels 16
52%
Nottingham Forest Brazil CB 21 Murillo 32
52%
Nottingham Forest Greece GK 29 Odysseas Vlachodimos 5
52%
Fulham Brazil ST 22 Rodrigo Muniz 26 9
52%
Brighton & Hove Albion Ivory Coast RW 21 Simon Adingra 31 6
52%
Brentford Albania GK 28 Thomas Strakosha 2
52%
Brighton & Hove Albion Argentina LB 19 Valentin Barco 6
52%
Burnley Switzerland ST 22 Zeki Amdouni 34 5
52%
Bournemouth England CM 20 Alex Scott 23 1
48%
Luton Town Jamaica LB 29 Amari'i Bell 21
48%
Luton Town England ST 25 Elijah Adebayo 27 10
48%
Burnley South Africa ST 22 Lyle Foster 24 5
48%
Nottingham Forest Argentina CM 25 Nicolas Dominguez 26 2
48%
Manchester United France CB 19 Willy Kambwala 8
48%
Tottenham Hotspur Argentina ST 20 Alejo Veliz 8 1
43%
Chelsea Brazil ST 18 Deivid Washington 2
43%
Nottingham Forest United States AM 21 Giovanni Reyna 9
43%
Sheffield United Netherlands CM 26 Gustavo Hamer 36 4
43%
Luton Town Burkina Faso RB 22 Issa Kabore 24
43%
Chelsea France DM 19 Lesley Ugochukwu 12
43%
Bournemouth France RM 25 Romain Faivre 5
43%
Sheffield United Brazil DM 24 Vinicius Souza 36 1
43%
Burnley France LW 18 Wilson Odobert 29 3
43%
Sheffield United Bosnia CB 24 Anel Ahmedhodzic 31 2
39%
Sheffield United United States CB 25 Auston Trusty 32
39%
Sheffield United Chile LW 24 Ben Brereton Diaz 14 6
39%
Burnley Denmark LW 24 Jacob Bruun Larsen 32 6
39%
Wolverhampton Wanderers France CM 25 Jean-Ricner Bellegarde 22 2
39%
Burnley Germany CB 23 Jordan Beyer 15
39%
Burnley Italy LW 18 Luca Koleosho 15 1
39%
Crystal Palace Brazil AM 19 Matheus Franca 10
39%
Wolverhampton Wanderers Uruguay CB 24 Santiago Bueno 13
39%
Luton Town Wales CB 28 Tom Lockyer 14 1
39%
Burnley Brazil RB 24 Vitinho 32
39%
Sheffield United England GK 32 Wes Foderingham 30
39%
Luton Town England LM 23 Alfie Doughty 37 2
35%
Chelsea England CB 20 Alfie Gilchrist 11 1
35%
Burnley Belgium CB 21 Ameen Al-Dakhil 13 1
35%
Luton Town Ireland RW 26 Chiedozie Ogbene 30 4
35%
Luton Town Denmark CB 25 Mads Andersen 8 1
35%
Brighton & Hove Albion Syria CM 27 Mahmoud Dahoud 9
35%
Tottenham Hotspur England LW 16 Mikey Moore 2
35%
Luton Town DR Congo DM 29 Pelly Ruddock Mpanzu 27
35%
Sheffield United Denmark ST 20 William Osula 21
35%
Everton Portugal ST 19 Youssef Chermiti 18
35%
Burnley Morocco LW 22 Anass Zaroury 6
30%
Wolverhampton Wanderers Paraguay LW 19 Enso Gonzalez 1
30%
Fulham Senegal LB 26 Fode Ballo-Toure 6
30%
Liverpool England ST 18 Jayden Danns 2
30%
Luton Town England CM 30 Jordan Clark 23 1
30%
Burnley France CB 21 Maxime Esteve 16
30%
Brentford Ukraine AM 19 Yehor Yarmolyuk 27
30%
Sheffield United Tunisia CM 22 Anis Slimane 15
26%
Sheffield United Ivory Coast ST 20 Benie Traore 8
26%
Burnley Belgium CB 24 Hannes Delcroix 12
26%
Burnley France RB 23 Lorenz Assignon 15 1
26%
Burnley Belgium LW 24 Mike Tresor 16
26%
Aston Villa England AM 18 Omari Kellyman 2
26%
Sheffield United Wales LB 24 Rhys Norrington-Davies 5
26%
Luton Town England CB 21 Teden Mengi 30 1
26%
Sheffield United Algeria LB 22 Yasser Larouci 11
26%
Newcastle United Ireland LB 19 Alex Murphy 2
22%
Newcastle United England LW 20 Amadou Diallo 1
22%
Nottingham Forest Brazil CM 19 Andrey Santos 1
22%
Nottingham Forest Costa Rica AM 20 Brandon Aguilera 1
22%
Luton Town Japan RB 24 Daiki Hashioka 10
22%
Manchester United England ST 18 Ethan Wheatley 3
22%
Luton Town Nigeria CB 25 Gabriel Osho 21 2
22%
Burnley France DM 22 Han-Noah Massengo 3
22%
Burnley Sweden CB 25 Hjalmar Ekdal 8
22%
Sheffield United Croatia GK 28 Ivo Grbic 9
22%
Luton Town England GK 32 James Shea 1
22%
Luton Town England LB 18 Joe Johnson 2
22%
Luton Town England CM 31 Luke Berry 17 2
22%
Wolverhampton Wanderers Ireland ST 18 Nathan Fraser 7
22%
Sheffield United England CM 20 Oliver Arblaster 12
22%
West Ham United England AM 19 George Earthy 3 1
17%
Luton Town Scotland ST 25 Jacob Brown 19 2
17%
Bournemouth England CB 21 James Hill 5
17%
Chelsea England RB 17 Josh Acheampong 1
17%
Burnley Angola RW 26 Manuel Benson 8
17%
Manchester United England RW 19 Omari Forson 4
17%
Crystal Palace England GK 29 Remi Matthews 1
17%
Nottingham Forest Portugal ST 18 Rodrigo Ribeiro 4
17%
Luton Town England LB 23 Ryan Giles 11
17%
Sheffield United England CM 19 Andre Brooks 20
13%
Newcastle United England RW 18 Ben Parkinson 1
13%
Manchester United England CM 19 Daniel Gore 1
13%
Liverpool England CM 19 Jame McConnell 3
13%
Tottenham Hotspur England SS 18 Jamie Donley 3
13%
Aston Villa England RB 21 Kaine Kesler-Hayden 3
13%
Chelsea England ST 20 Mason Burstow 2
13%
Brentford Jamaica AM 21 Myles Peart-Harris 3
13%
Liverpool Wales LB 21 Owen Beck 1
13%
Chelsea England CM 18 Alex Matos 1
9%
Aston Villa England CB 19 Finley Munroe 1
9%
Luton Town Nigeria AM 27 Fred Onyedinma 8
9%
Chelsea Finland CM 20 Jimi Tauriainen 1
9%
Everton England CM 21 Lewis Warrington 1
9%
Brighton & Hove Albion Ireland ST 19 Mark O'Mahony 3
9%
Sheffield United Scotland ST 17 Ryan One 1
9%
Sheffield United Ireland RB 18 Sam Curtis 1
9%
Sheffield United England CM 19 Sydie Peck 1
9%
Brighton & Hove Albion England LW 19 Benicio Baker-Boaitey 5
4%
Newcastle United England AM 21 Joe White 4
4%
West Ham United England CB 19 Kaelan Casey 1
4%
Newcastle United England ST 19 Michael Ndiweni 1
4%
Brentford England RW 19 Michael Olakigbe 8
4%
Bournemouth England LW 20 Dominic Sadi 1
0%
Wolverhampton Wanderers England ST 18 Leon Chiwome 3
0%
Wolverhampton Wanderers Zimbabwe AM 20 Tawanda Chirewa 8
0%
Luton Town England AM 18 Zack Nelson 2
0%
No matching quizzes found
Score Distribution
Percent of People with Each Score
Percentile by Number Answered
Your Score History
You have not taken this quiz since the last reset